header

Dialects across borders (Record no. 206523)

MARC details
000 -LEADER
fixed length control field 01668nam a2200337Ia 4500
082 04 - DEWEY DECIMAL CLASSIFICATION NUMBER
Classification number 417/.201
245 10 - TITLE STATEMENT
Title Dialects across borders
260 ## - PUBLICATION, DISTRIBUTION, ETC. (IMPRINT)
Place of publication Philadelphia, PA :
Name of publisher John Benjamins,
Year of publication 2005.
300 ## - PHYSICAL DESCRIPTION
Number of Pages xii, 291 p.
490 1# - SERIES STATEMENT
Series statement Amsterdam studies in the theory and history of linguistic science. Series IV, Current issues in linguistic theory,
650 #0 - SUBJECT ADDED ENTRY--TOPICAL TERM
Topical Term Dialectology
Topical Term Dialectology.
700 1# - ADDED ENTRY--PERSONAL NAME
Personal name Filppula, Markku.
856 40 - ELECTRONIC LOCATION AND ACCESS
Uniform Resource Identifier http://site.ebrary.com/lib/rucke/Doc?id=10103914

No items available.

© 2026 Rongo University
Contact us: librarian | system librarian | Rongo university